000 00728cam a2200229 a 4500
001 12656928
005 20180215091051.0
008 020125s2003 njua b 001 0 eng
010 _a 2002020584
020 _a0130420999 (pbk.)
040 _aDLC
_cDLC
_dDLC
041 _aeng
080 _a808.02 MIN
082 0 0 _a808.02 MIN
_221
100 1 _a21
101 _aGJL
245 1 0 _aThree genres :
_cStephen Minot.
504 _aIncludes bibliographical references and indexes.
906 _a7
_bcbc
_corignew
_d1
_eocip
_f20
_gy-gencatlg
942 _2ddc
_cBK
999 _c42697
_d42697